| 000 | 00812nam a2200205Ia 4500 | ||
|---|---|---|---|
| 003 | IN-BaIIA | ||
| 008 | 211028s9999 xx 000 0 eng d | ||
| 040 | _cIIA Library | ||
| 080 |
_a083.8:5 _bJAM |
||
| 100 |
_aJamar, C. _911243 |
||
| 245 | 0 |
_aUltraviolet bright splectrophotometric catalogue _ba compilation of absolute spectrophotometric data obtained with the sky survey telescope (S2/68) on the European astronomical satellite TD-1 _cC. Jamar.., [et al.] |
|
| 260 |
_aParis _bEuropean Space Agency _c1976 |
||
| 300 | _axxi, 489p. | ||
| 650 | _aAstronomy and Astrophysics Thesaurus | ||
| 650 |
_aCatalogue-Bright stars _94473 |
||
| 650 |
_aUltraviolet sky survey _911668 |
||
| 700 |
_aMacau-Hercot, D. _911669 |
||
| 700 |
_aMonfils, A. _911670 |
||
| 942 | _cBK | ||
| 999 |
_c6812 _d6812 |
||